Die 100 Fußballvereine mit den meisten Zuschauern - Statistiken

Allgemein
  • Dieses Quiz wurde 244 mal gespielt
  • Das Durchschnittsergebnis liegt bei 45 aus 100
Antwortstatistiken
Zuschauerzahl Land Verein % Korrekt
75.024 Deutschland Bayern München
99%
81.365 Deutschland Borussia Dortmund
99%
72.677 Italien Inter Mailand
93%
70.708 Spanien Real Madrid
93%
60.485 England FC Liverpool
92%
55.017 England Manchester City
92%
45.071 Spanien FC Barcelona
91%
73.518 England Manchester United
90%
60.294 England FC Arsenal
89%
31.000 Frankreich Paris Saint Germain
89%
71.039 Italien AC Mailand
88%
65.508 Italien AS Rom
85%
40.789 Italien Juventus Turin
85%
61.416 England Tottenham
85%
64.822 Frankreich Olympique Marseille
84%
55.116 Niederlande Ajax Amsterdam
83%
59.520 Portugal Benfica Lissabon
83%
59.065 Schottland Celtic Glasgow
81%
59.612 Spanien Atlético Madrid
80%
57.550 Deutschland Eintracht Frankfurt
79%
59.500 Deutschland VfB Stuttgart
79%
46.980 Portugal FC Porto
76%
48.681 Schottland Glasgow Rangers
76%
50.475 Frankreich Olympique Lyon
76%
84.567 Argentinien River Plate
71%
57.200 Argentinien Boca Juniors
70%
42.665 Portugal Sporting Lissabon
69%
42.100 Deutschland Werder Bremen
69%
53.618 Deutschland Borussia Mönchengladbach
68%
43.500 Italien Lazio Rom
68%
45.606 Deutschland RB Leipzig
68%
48.260 Italien SSC Neapel
67%
32.733 Niederlande PSV Eindhoven
66%
62.163 England West Ham United
66%
34.419 Spanien FC Sevilla
65%
42.963 Spanien FC Valencia
64%
29.433 Deutschland Bayer Leverkusen
62%
39.188 England FC Everton
61%
42.682 England Aston Villa
59%
52.218 England Newcastle United
56%
40.331 Türkei Fenerbahce
54%
34.500 Deutschland SC Freiburg
53%
31.667 Deutschland 1.FSV Mainz 05
52%
47.500 Niederlande Feyenoord Rotterdam
52%
48.461 Spanien Athletic Bilbao
50%
32.093 Türkei Besiktas
50%
29.025 Schweiz BSC Young Boys
50%
30.078 Deutschland FC Augsburg
50%
49.434 Spanien Betis Sevilla
48%
27.814 Dänemark FC Kopenhagen
48%
28.626 Schweiz FC Basel
46%
29.697 Argentinien Unión Santa Fe
46%
40.619 Frankreich LOSC Lille
42%
53.278 Brasilien Flamengo
40%
31.822 England Leicester City
40%
31.516 England Brighton & Hove Albion
39%
29.204 Deutschland FC St. Pauli
36%
42.144 Brasilien FC Sao Paulo
35%
29.940 England Nottingham Forest
34%
34.461 Russland Zenit St. Petersburg
34%
31.643 England Wolverhampton
31%
30.444 Frankreich FC Nantes
27%
33.784 Spanien Real Sociedad
26%
33.574 Brasilien Fluminense
25%
31.137 England Southampton
25%
37.776 Frankreich RC Lens
23%
32.352 Italien Genua CFC
22%
37.288 Chile Club Universidad de Chile
18%
28.565 Frankreich FC Toulouse
18%
36.164 Brasilien Palmeiras
18%
29.857 China Shanghai Shenhua
17%
42.996 Brasilien Corinthians
16%
29.400 Niederlande Twente Enschede
16%
40.762 Argentinien Rosario Central
14%
40.599 Mexiko Tigres UANL
12%
50.203 USA Atlanta
11%
41.837 Argentinien CA Newell´s Old Boys
11%
29.766 England Ipswich Town
11%
28.400 USA Seattle
11%
46.808 Argentinien Racing Club
10%
47.139 China Beijing Guoan
9%
43.948 Mexiko CF Monterrey
9%
31.381 Argentinien Estudiantes LP
9%
40.202 Brasilien EC Cruzeiro
8%
34.731 Brasilien Clube Atlético Mineiro
7%
38.860 Japan Urawa Reds
7%
35.106 Brasilien EC Bahia
6%
30.912 Brasilien Fortaleza
6%
41.980 Argentinien San Lorenzo
6%
34.527 Argentinien Vélez Sarsfield
6%
38.139 Argentinien Independiente
5%
50.298 Argentinien CA Talleres
3%
31.251 USA Charlotte
3%
55.000 Iran Tractor FC
3%
34.511 Argentinien Belgrano
1%
40.167 China CD Rongcheng
1%
28.487 Brasilien Club Athletico Paranaense
1%
30.000 Algerien JS Kabylie
1%
32.019 Indien Mohun Bagan SG
1%
29.593 Argentinien Club Atlético Tucamán
0%
Keine übereinstimmenden Quizze gefunden
Verteilung der Resultate
Anzahl Personen mit jedem Resultat
Perzentil nach korrekt beantworteten Fragen
Ihre Resultats-Entwicklung
Sie haben dieses Quiz noch nicht gespielt